Toutes les communes du canton de Segré-en-Anjou-Bleu (49) - Statistiques

Statistiques générales
  • Ce quiz a été pris 29 fois
  • Le résultat moyen est 5 sur 11
Réponses sur la Carte
Les réponses sont colorées sur une échelle allant du rouge au vert en fonction du pourcentage des utilisateurs qui les ont devinées à leur premier essai. Vous pouvez retrouver ces pourcentages ci-dessous.
 
Statistiques - réponses
Commune % Correct
Segré-en-Anjou-Bleu
100%
Bouillé-Ménard
47%
Candé
47%
Bourg-l'Évêque
41%
Chazé-sur-Argos
41%
Loiré
41%
Ombrée-d'Anjou
41%
Armaillé
35%
Carbay
35%
Angrie
29%
Challain-la-Potherie
29%
Aucun quiz correspondant
Distribution des résultats
% des personnes avec chaque résultat
Percentile par nombre de réponses
Votre historique - résultats
Vous n’avez pas pris ce quiz